Studii de statisticä Probleme actualesi de perspectivä ale statisticii economice si sociale. Lucrärile celei de-a zacea Consfätuiri stiintifice de statisticä 17-19 mai 1984

Guardado en:
Detalles Bibliográficos
Formato: Libro
Lenguaje:rumano
Publicado: Bucuresti Directia centralä de statisticä 1985
Edición:1. ed.
Etiquetas: Agregar Etiqueta
Sin Etiquetas, Sea el primero en etiquetar este registro!

MARC

LEADER 00000nam a2200000 4500
001 c034445
005 20221207072745.4
041 0 |a rum 
044 |a RO 
245 1 0 |a Studii de statisticä  |b Probleme actualesi de perspectivä ale statisticii economice si sociale. Lucrärile celei de-a zacea Consfätuiri stiintifice de statisticä 17-19 mai 1984 
250 |a 1. ed. 
264 1 |a Bucuresti  |b Directia centralä de statisticä  |c 1985 
300 |a 429 s.